[Event "DEM U14 2008"]
[Site "Willingen GER"]
[Date "2008.05.11"]
[Round "2"]
[White "Mons, Leon"]
[Black "Wolf, Christoph"]
[Result "1/2-1/2"]
[Termination "normal"]
[Board "4"]
[WhiteElo "2063"]
[BlackElo "1636"]
[PlyCount "70"]
[WhiteFideId "4614950"]
[BlackFideId "24650633"]
[EventCountry "GER"]
[EventRounds "9"]
[EventType "swiss"]
[EventDate "2008.05.10"]

1. e4 e5 2. Nf3 Nc6 3. Bb5 a6 4. Bxc6 dxc6 5. Nc3 Bg4 6. h3 Bxf3 7. Qxf3 Nf6 8.
d3 h6 9. O-O Bd6 10. Bd2 Qd7 11. Rab1 O-O-O 12. Be3 Nh7 13. Na4 Ng5 14. Bxg5
hxg5 15. Qe3 Kb8 16. Qxg5 Rh6 17. Qe3 Rdh8 18. Nc3 g5 19. Qxg5 Rg6 20. Qf5 Qe7
21. Ne2 Rhg8 22. g3 Qh4 23. Kh2 Qh6 24. Qf3 Rh8 25. g4 Bc5 26. Kg2 Rh7 27. Rbd1
Rxg4+ 28. Qxg4 Rg7 29. c3 Rxg4+ 30. hxg4 Qe6 31. Kg3 Qxa2 32. Rd2 Qe6 33. Rdd1
Qb3 34. Rd2 Qe6 35. Rdd1 Qb3 1/2-1/2

[Event "DEM U14 2008"]
[Site "Willingen GER"]
[Date "2008.05.11"]
[Round "2"]
[White "Mirke, Roy"]
[Black "Bräuer, Franz"]
[Result "0-1"]
[Termination "normal"]
[Board "5"]
[WhiteElo "1776"]
[BlackElo "1908"]
[PlyCount "54"]
[WhiteFideId "24647306"]
[BlackFideId "24634468"]
[EventCountry "GER"]
[EventRounds "9"]
[EventType "swiss"]
[EventDate "2008.05.10"]

1. c4 Nf6 2. Nc3 g6 3. g3 Bg7 4. Bg2 O-O 5. d3 c6 6. Bd2 e5 7. Nf3 Re8 8. Qc2
d5 9. cxd5 cxd5 10. O-O Nc6 11. a3 Bg4 12. h3 Bxf3 13. exf3 Nd4 14. Qd1 Qb6 15.
b4 Rac8 16. Rc1 Qa6 17. Bg5 Qxa3 18. Bxf6 Rxc3 19. Rxc3 Qxc3 20. Bxg7 Kxg7 21.
Qa4 b5 22. Qxa7 Qxd3 23. Qd7 Re6 24. f4 exf4 25. Bxd5 Rf6 26. g4 Qxh3 27. Bg2
Ne2# 0-1

[Event "DEM U14 2008"]
[Site "Willingen GER"]
[Date "2008.05.11"]
[Round "2"]
[White "Berchtenbreiter, Maximilian"]
[Black "Wendling, Florian"]
[Result "1-0"]
[Termination "normal"]
[Board "6"]
[WhiteElo "2064"]
[BlackElo "1729"]
[PlyCount "43"]
[WhiteFideId "24641120"]
[BlackFideId "24640212"]
[EventCountry "GER"]
[EventRounds "9"]
[EventType "swiss"]
[EventDate "2008.05.10"]

1. e4 c5 2. Nf3 d6 3. d4 cxd4 4. Nxd4 Nf6 5. Nc3 a6 6. Qf3 e6 7. Bg5 Be7 8.
O-O-O Qc7 9. Bd3 Nbd7 10. Rhe1 b5 11. a3 Bb7 12. Qh3 Rc8 13. f4 Qb6 14. Nxe6
fxe6 15. e5 dxe5 16. fxe5 Rxc3 17. exf6 Rxd3 18. Rxd3 Nxf6 19. Rxe6 Qc5 20.
Bxf6 gxf6 21. Rde3 O-O 22. Rxe7 1-0

[Event "DEM U14 2008"]
[Site "Willingen GER"]
[Date "2008.05.11"]
[Round "2"]
[White "Barzen, Pascal"]
[Black "Neumair, Jerome"]
[Result "0-1"]
[Termination "normal"]
[Board "7"]
[WhiteElo "1783"]
[BlackElo "1987"]
[PlyCount "52"]
[WhiteFideId "24653497"]
[BlackFideId "24672637"]
[EventCountry "GER"]
[EventRounds "9"]
[EventType "swiss"]
[EventDate "2008.05.10"]

1. e4 e6 2. d4 d5 3. e5 c5 4. c3 Nc6 5. Nf3 Bd7 6. a3 c4 7. Nbd2 Na5 8. Be2 Bc6
9. O-O Qd7 10. Rb1 Ba4 11. Qe1 Bc2 12. Ra1 h6 13. Bd1 Bd3 14. Be2 Bh7 15. Bd1
Ne7 16. b3 cxb3 17. Nxb3 Nxb3 18. Bxb3 Bd3 19. Be3 Bxf1 20. Qxf1 Nc6 21. Nd2
Be7 22. Qd3 Na5 23. c4 Nxb3 24. Qxb3 dxc4 25. Nxc4 O-O 26. Qd1 Qd5 0-1

[Event "DEM U14 2008"]
[Site "Willingen GER"]
[Date "2008.05.11"]
[Round "2"]
[White "Hager, Joshua Aarash"]
[Black "Pauly, Carlo"]
[Result "0-1"]
[Termination "normal"]
[Board "8"]
[WhiteElo "2066"]
[BlackElo "1833"]
[PlyCount "86"]
[WhiteFideId "24642789"]
[BlackFideId "24673269"]
[EventCountry "GER"]
[EventRounds "9"]
[EventType "swiss"]
[EventDate "2008.05.10"]

1. d4 Nf6 2. Nf3 g6 3. c4 Bg7 4. Nc3 O-O 5. e4 d6 6. Be2 e5 7. O-O Nc6 8. d5
Ne7 9. Nd2 a5 10. Rb1 Ne8 11. a3 f5 12. b4 Nf6 13. c5 axb4 14. axb4 Bh6 15.
cxd6 cxd6 16. f3 Be3+ 17. Kh1 Bxd2 18. Bxd2 f4 19. Be1 g5 20. Bf2 h5 21. Na4
Ng6 22. Nb6 Rb8 23. Qc2 Bd7 24. Rfc1 Ne8 25. b5 g4 26. Nxd7 Qxd7 27. b6 Rf7 28.
Rb3 g3 29. Bg1 gxh2 30. Bf2 Rg7 31. Rc3 h4 32. Rc8 h3 33. Bf1 hxg2+ 34. Bxg2
Rxc8 35. Qxc8 Qb5 36. Qe6+ Kh7 37. Rc8 Re7 38. Qf5 Kg7 39. Rb8 Qe2 40. Qg5 Qxf2
41. Bh3 Qg3 42. Qxg3 fxg3 43. Bc8 Nf4 0-1

[Event "DEM U14 2008"]
[Site "Willingen GER"]
[Date "2008.05.11"]
[Round "2"]
[White "Schindlbeck, Tobias"]
[Black "Dünzel, Jonas"]
[Result "1/2-1/2"]
[Termination "normal"]
[Board "9"]
[WhiteElo "1888"]
[BlackElo "1972"]
[PlyCount "63"]
[WhiteFideId "24615510"]
[BlackFideId "24631167"]
[EventCountry "GER"]
[EventRounds "9"]
[EventType "swiss"]
[EventDate "2008.05.10"]

1. e4 c5 2. Nf3 d6 3. d4 cxd4 4. Nxd4 Nf6 5. Nc3 a6 6. Be2 e5 7. Nb3 Be7 8. O-O
O-O 9. f4 exf4 10. Bxf4 Nc6 11. Qd2 Be6 12. Rad1 Ne5 13. Qe3 Qc7 14. Qg3 Rad8
15. Bg5 Kh8 16. Kh1 b5 17. a3 Qb7 18. Nd4 h6 19. Bxf6 Bxf6 20. Nf5 Bxf5 21.
Rxf5 Ng6 22. Rfd5 Be5 23. Qf3 b4 24. Na2 Nf4 25. Ra5 Nxe2 26. Qxe2 b3 27. Nb4
bxc2 28. Qxc2 Rc8 29. Qe2 f5 30. exf5 Rxf5 31. Nd3 Qb6 32. b4 1/2-1/2

[Event "DEM U14 2008"]
[Site "Willingen GER"]
[Date "2008.05.11"]
[Round "2"]
[White "Kügel, Tobias"]
[Black "Kotainy, Jens"]
[Result "0-1"]
[Termination "normal"]
[Board "10"]
[WhiteElo "1894"]
[BlackElo "2112"]
[PlyCount "72"]
[WhiteFideId "4636295"]
[BlackFideId "24670499"]
[EventCountry "GER"]
[EventRounds "9"]
[EventType "swiss"]
[EventDate "2008.05.10"]

1. e4 e6 2. d4 d5 3. exd5 exd5 4. Bd3 c5 5. dxc5 Nf6 6. Nc3 Bxc5 7. Qf3 Nc6 8.
Nge2 O-O 9. Bg5 Ne5 10. Qg3 Nxd3+ 11. cxd3 d4 12. Bxf6 Qxf6 13. Ne4 Bb4+ 14.
Kf1 Qe7 15. Nf4 Be6 16. Qf3 f5 17. Ng5 Bxa2 18. g3 Bb3 19. h4 Qd7 20. Rh2 a5
21. Qh5 g6 22. Qf3 Rfe8 23. h5 h6 24. hxg6 hxg5 25. Qh5 Qg7 26. Qxg5 Qe5 27.
Nh5 Ra6 28. Nf4 Qf6 29. Qh6 Re7 30. Kg2 Qg7 31. Rah1 Qxh6 32. Rxh6 Kf8 33. Rh8+
Bg8 34. R1h7 Rg7 35. Rxg7 Kxg7 36. Rh1 Bd6 0-1

[Event "DEM U14 2008"]
[Site "Willingen GER"]
[Date "2008.05.11"]
[Round "2"]
[White "Pältz, Sebastian"]
[Black "Hampel, Felix"]
[Result "1/2-1/2"]
[Termination "normal"]
[Board "11"]
[WhiteElo "1753"]
[BlackElo "1992"]
[PlyCount "152"]
[WhiteFideId "24648027"]
[BlackFideId "24668125"]
[EventCountry "GER"]
[EventRounds "9"]
[EventType "swiss"]
[EventDate "2008.05.10"]

1. e4 c5 2. c3 Nf6 3. e5 Nd5 4. d4 cxd4 5. Nf3 d6 6. cxd4 e6 7. Bc4 Nc6 8. O-O
Be7 9. Re1 O-O 10. Nc3 Nxc3 11. bxc3 dxe5 12. dxe5 Qa5 13. Bd2 b6 14. Qe2 Bb7
15. Bd3 Qd5 16. Be4 Qd7 17. Bc2 Rfd8 18. Qe4 g6 19. Qf4 Na5 20. Rad1 Bxf3 21.
Qxf3 Qc7 22. Bh6 Nc4 23. Rxd8+ Rxd8 24. Qg3 Rd5 25. Bf4 Qd8 26. h3 Na3 27. Be4
Rd1 28. f3 Bc5+ 29. Kh2 Rxe1 30. Qxe1 Nc4 31. Qe2 Qc7 32. Bd3 Na5 33. Qe4 Qc6
34. Qxc6 Nxc6 35. Bb5 Ne7 36. g4 Nd5 37. Bd2 Be3 38. Bxe3 Nxe3 39. Bd3 Nd5 40.
c4 Nb4 41. Bb1 Nc6 42. f4 Nd4 43. Bd3 h6 44. h4 Kf8 45. Kg2 Ke7 46. Kf2 Nc6 47.
a3 Kd7 48. Ke3 Ke7 49. Bc2 g5 50. h5 f6 51. exf6+ Kxf6 52. Ba4 gxf4+ 53. Kxf4
Ne5 54. Bb5 Nd3+ 55. Ke3 Nc5 56. Bc6 Nb3 57. Ba4 Na5 58. Bb5 Nb7 59. Bc6 Na5
60. Bb5 Ke5 61. a4 Nb7 62. Bc6 Nd6 63. Bb5 Nxb5 64. axb5 Kf6 65. Kf4 e5+ 66.
Ke4 Kg5 67. Kxe5 Kxg4 68. Kd6 Kxh5 69. Kc7 Kg5 70. Kb7 h5 71. Kxa7 h4 72. c5
bxc5 73. b6 h3 74. b7 h2 75. b8=Q h1=Q 76. Qe5+ Kg4 1/2-1/2

[Event "DEM U14 2008"]
[Site "Willingen GER"]
[Date "2008.05.11"]
[Round "2"]
[White "Braun, Georg"]
[Black "Elkmann, Janek"]
[Result "0-1"]
[Termination "normal"]
[Board "12"]
[WhiteElo "1931"]
[BlackElo "1750"]
[PlyCount "104"]
[WhiteFideId "24629383"]
[BlackFideId "24691925"]
[EventCountry "GER"]
[EventRounds "9"]
[EventType "swiss"]
[EventDate "2008.05.10"]

1. e4 e5 2. Nf3 d6 3. d4 f5 4. Nc3 fxe4 5. Nxe4 d5 6. Nxe5 dxe4 7. Qh5+ g6 8.
Nxg6 Nf6 9. Qe5+ Kf7 10. Nxh8+ Kg7 11. Bc4 Nc6 12. Qg3+ Kxh8 13. Bg5 Bg7 14.
O-O-O Bf5 15. d5 Na5 16. Be2 b6 17. Bf4 Qd7 18. Kb1 Nb7 19. Bxc7 Rc8 20. Be5
Nc5 21. Qg5 Rf8 22. Qc1 a5 23. a3 b5 24. Qd2 Ra8 25. Qc3 Na4 26. Qc6 Rc8 27.
Qxd7 Bxd7 28. Rd4 Re8 29. Bg3 Ng8 30. Rd2 Bxb2 31. Bd1 Bxa3 32. Bh5 Re7 33. d6
Rg7 34. Be5 Bb4 35. Bxg7+ Kxg7 36. Rhd1 Nc3+ 37. Kb2 Nxd1+ 38. Rxd1 Nf6 39. Be2
a4 40. c4 bxc4 41. Bxc4 Bc5 42. Rd2 Ne8 43. Bd5 Nxd6 44. Rc2 Bf5 45. Kc3 Kf6
46. h3 h5 47. Ba2 Ke5 48. Bb1 Be6 49. Kb2 a3+ 50. Kc1 Bd4 51. Kd1 Bc4 52. Rd2
Bc3 0-1

[Event "DEM U14 2008"]
[Site "Willingen GER"]
[Date "2008.05.11"]
[Round "2"]
[White "Rublack, Valentin"]
[Black "von Schwerin, Clemens"]
[Result "0-1"]
[Termination "normal"]
[Board "13"]
[WhiteElo "1577"]
[BlackElo "1914"]
[PlyCount "84"]
[WhiteFideId "24657387"]
[BlackFideId "4613228"]
[EventCountry "GER"]
[EventRounds "9"]
[EventType "swiss"]
[EventDate "2008.05.10"]

1. e4 c6 2. d4 d5 3. exd5 cxd5 4. Bd3 Nc6 5. c3 Qc7 6. h3 e6 7. Nf3 Bd6 8. O-O
Nge7 9. Qc2 Ng6 10. Re1 O-O 11. h4 Re8 12. h5 Nf8 13. h6 g6 14. Bg5 Bf4 15.
Bxf4 Qxf4 16. Qd2 Qxd2 17. Nbxd2 Bd7 18. Ne5 Ne7 19. Ng4 Rec8 20. Nf6+ Kh8 21.
Nf3 Ng8 22. Ng4 f6 23. g3 e5 24. Nfh2 e4 25. Bc2 Ne6 26. Bb3 Bc6 27. Ne3 Rd8
28. Nhg4 f5 29. Ne5 Nxh6 30. Kg2 Ng5 31. Rh1 Kg7 32. Rh2 Nhf7 33. f4 Nxe5 34.
dxe5 Nf3 35. Rhh1 d4 36. cxd4 Nxd4 37. Kf2 Nxb3 38. axb3 Rd2+ 39. Ke1 Rxb2 40.
Ra3 Rb1+ 41. Nd1 e3 42. Rf1 Rd8 0-1

[Event "DEM U14 2008"]
[Site "Willingen GER"]
[Date "2008.05.11"]
[Round "2"]
[White "Müller, Tobias"]
[Black "Purgahn, Robin"]
[Result "1-0"]
[Termination "normal"]
[Board "14"]
[WhiteElo "1605"]
[BlackElo "1219"]
[PlyCount "33"]
[WhiteFideId "24643394"]
[EventCountry "GER"]
[EventRounds "9"]
[EventType "swiss"]
[EventDate "2008.05.10"]

1. c4 e5 2. Nc3 Nf6 3. d3 Bc5 4. Nf3 Nc6 5. g3 Ng4 6. e3 O-O 7. Bg2 d6 8. O-O
Bf5 9. a3 Bb6 10. h3 Nf6 11. Kh2 e4 12. Nh4 Be6 13. Nxe4 Nxe4 14. Bxe4 g5 15.
Nf5 Rb8 16. Qh5 Qf6 17. Ne7+ 1-0

[Event "DEM U14 2008"]
[Site "Willingen GER"]
[Date "2008.05.12"]
[Round "3"]
[White "Sarchisov, Slavik"]
[Black "Schreiner, Till"]
[Result "0-1"]
[Termination "normal"]
[Board "1"]
[WhiteElo "1982"]
[BlackElo "2041"]
[PlyCount "66"]
[WhiteFideId "24647888"]
[BlackFideId "24675555"]
[EventCountry "GER"]
[EventRounds "9"]
[EventType "swiss"]
[EventDate "2008.05.10"]

1. e4 c5 2. Nf3 d6 3. d4 cxd4 4. Nxd4 Nf6 5. Nc3 a6 6. a4 Nc6 7. Bc4 e6 8. Be3
Be7 9. O-O O-O 10. Kh1 Bd7 11. Qe2 Qc7 12. Rad1 Rac8 13. Bd3 Rfe8 14. f4 Nxd4
15. Bxd4 e5 16. Be3 Bg4 17. Qd2 Bxd1 18. Qxd1 Qc6 19. Qf3 Bd8 20. g4 Ba5 21.
Nd5 Nxd5 22. exd5 Qc7 23. Qe4 g6 24. f5 Bb6 25. f6 Kh8 26. Rf3 Bd4 27. g5 Qc5
28. Qh4 h5 29. Qe4 Bxe3 30. Rh3 Qd4 31. Rxh5+ Kg8 32. Qh4 Qxh4 33. Rxh4 Bxg5
0-1

[Event "DEM U14 2008"]
[Site "Willingen GER"]
[Date "2008.05.12"]
[Round "3"]
[White "Bräuer, Franz"]
[Black "Kaphle, Sebastian"]
[Result "1-0"]
[Termination "normal"]
[Board "2"]
[WhiteElo "1908"]
[BlackElo "2113"]
[PlyCount "63"]
[WhiteFideId "24634468"]
[BlackFideId "24626708"]
[EventCountry "GER"]
[EventRounds "9"]
[EventType "swiss"]
[EventDate "2008.05.10"]

1. e4 c5 2. Nf3 e6 3. d3 Nc6 4. g3 g6 5. d4 d6 6. Bg2 Bg7 7. dxc5 dxc5 8. O-O
Qxd1 9. Rxd1 Nf6 10. Nc3 O-O 11. Bf4 Ne8 12. e5 Kh8 13. Ne4 Nc7 14. c4 h6 15.
h4 Rb8 16. Nxc5 g5 17. hxg5 hxg5 18. Nxg5 Bxe5 19. Nd7 Bxd7 20. Rxd7 Bxf4 21.
gxf4 Na6 22. Nxf7+ Kg8 23. Nh6+ Kh8 24. Be4 Rg8+ 25. Nxg8 Rxg8+ 26. Kh2 Rg7 27.
Rxg7 Kxg7 28. Bxc6 bxc6 29. Rd1 Kf6 30. Rd7 Nc5 31. Rxa7 Nd3 32. Rb7 1-0

[Event "DEM U14 2008"]
[Site "Willingen GER"]
[Date "2008.05.12"]
[Round "3"]
[White "Tiemann, Tobias"]
[Black "Berchtenbreiter, Maximilian"]
[Result "0-1"]
[Termination "normal"]
[Board "3"]
[WhiteElo "1886"]
[BlackElo "2064"]
[PlyCount "72"]
[WhiteFideId "4642350"]
[BlackFideId "24641120"]
[EventCountry "GER"]
[EventRounds "9"]
[EventType "swiss"]
[EventDate "2008.05.10"]

1. e4 c5 2. Nf3 d6 3. d4 cxd4 4. Qxd4 Bd7 5. Be3 Nf6 6. Nc3 Nc6 7. Qd2 a6 8.
O-O-O b5 9. Bd3 Qa5 10. Kb1 e6 11. Ne2 Qc7 12. Nfd4 e5 13. Nxc6 Qxc6 14. f3 Be6
15. Rhe1 Rc8 16. Nc1 Be7 17. Bg5 h6 18. Be3 Bd8 19. Bf2 a5 20. g3 b4 21. Qe2
Bd7 22. Qd2 Rb8 23. f4 a4 24. Rg1 Ba5 25. f5 Qc7 26. Qe2 a3 27. Nb3 axb2 28.
Bc4 Bc6 29. Bd5 Bxd5 30. exd5 Bb6 31. Qb5+ Ke7 32. Bxb6 Rxb6 33. Qd3 Qa7 34.
Kxb2 Qa3+ 35. Kb1 Rc8 36. Qe3 Ra6 0-1

[Event "DEM U14 2008"]
[Site "Willingen GER"]
[Date "2008.05.12"]
[Round "3"]
[White "Neumair, Jerome"]
[Black "Wolf, Christoph"]
[Result "1/2-1/2"]
[Termination "normal"]
[Board "4"]
[WhiteElo "1987"]
[BlackElo "1636"]
[PlyCount "44"]
[WhiteFideId "24672637"]
[BlackFideId "24650633"]
[EventCountry "GER"]
[EventRounds "9"]
[EventType "swiss"]
[EventDate "2008.05.10"]

1. Nf3 Nf6 2. d4 d5 3. e3 Bf5 4. Bd3 Bg6 5. b3 e6 6. O-O Bd6 7. Bb2 O-O 8. Ne5
Nfd7 9. Nxg6 hxg6 10. f4 c5 11. Nd2 Nc6 12. Qg4 Be7 13. Nf3 Nb4 14. Ne5 Nxe5
15. fxe5 Nxd3 16. cxd3 Bg5 17. Qf3 cxd4 18. Bxd4 b6 19. Rac1 Rc8 20. Bb2 Rxc1
21. Rxc1 Qd7 22. Qg3 Be7 1/2-1/2

[Event "DEM U14 2008"]
[Site "Willingen GER"]
[Date "2008.05.12"]
[Round "3"]
[White "Pauly, Carlo"]
[Black "Mons, Leon"]
[Result "1/2-1/2"]
[Termination "normal"]
[Board "5"]
[WhiteElo "1833"]
[BlackElo "2063"]
[PlyCount "51"]
[WhiteFideId "24673269"]
[BlackFideId "4614950"]
[EventCountry "GER"]
[EventRounds "9"]
[EventType "swiss"]
[EventDate "2008.05.10"]

1. d4 Nf6 2. c4 g6 3. Nc3 Bg7 4. e4 d6 5. Be2 O-O 6. Bg5 h6 7. Be3 Nbd7 8. Qd2
Kh7 9. O-O-O a6 10. f3 b5 11. cxb5 axb5 12. Bxb5 Nb6 13. Nge2 Ba6 14. Qd3 Bxb5
15. Qxb5 Qb8 16. d5 Nfd7 17. f4 Na4 18. Qxb8 Rfxb8 19. Rd2 Nxc3 20. Nxc3 Rb4
21. a3 Rc4 22. Rc2 Bxc3 23. Rxc3 Rxc3+ 24. bxc3 Rxa3 25. Kb2 Ra6 26. Bd4
1/2-1/2

[Event "DEM U14 2008"]
[Site "Willingen GER"]
[Date "2008.05.12"]
[Round "3"]
[White "Kotainy, Jens"]
[Black "Müller, Tobias"]
[Result "1-0"]
[Termination "normal"]
[Board "6"]
[WhiteElo "2112"]
[BlackElo "1605"]
[PlyCount "39"]
[WhiteFideId "24670499"]
[BlackFideId "24643394"]
[EventCountry "GER"]
[EventRounds "9"]
[EventType "swiss"]
[EventDate "2008.05.10"]

1. e4 c5 2. Nc3 d6 3. f4 Nc6 4. Nf3 g6 5. Bc4 Bg7 6. d3 e6 7. O-O Nge7 8. Qe1
O-O 9. f5 exf5 10. Qh4 a6 11. Bh6 Bd7 12. Ng5 Ne5 13. Bxg7 Kxg7 14. Qxh7+ Kf6
15. exf5 Nxf5 16. Nge4+ Ke7 17. Nd5+ Ke6 18. Rxf5 Nxc4 19. dxc4 Bc6 20. Rf6+
1-0

[Event "DEM U14 2008"]
[Site "Willingen GER"]
[Date "2008.05.12"]
[Round "3"]
[White "Dünzel, Jonas"]
[Black "Mirke, Roy"]
[Result "1/2-1/2"]
[Termination "normal"]
[Board "7"]
[WhiteElo "1972"]
[BlackElo "1776"]
[PlyCount "57"]
[WhiteFideId "24631167"]
[BlackFideId "24647306"]
[EventCountry "GER"]
[EventRounds "9"]
[EventType "swiss"]
[EventDate "2008.05.10"]

1. e4 e6 2. d4 d5 3. Nc3 Nf6 4. e5 Nfd7 5. f4 c5 6. Nf3 Nc6 7. Be3 cxd4 8. Nxd4
Bc5 9. Qd2 a6 10. O-O-O O-O 11. Kb1 Nxd4 12. Bxd4 b5 13. g4 b4 14. Na4 Bxd4 15.
Qxd4 a5 16. f5 Qc7 17. Re1 Ba6 18. Qe3 Rfc8 19. Bxa6 Rxa6 20. Re2 Qd8 21. h4
Rc4 22. Qf3 Qc7 23. fxe6 Rxe6 24. Qxd5 Rxg4 25. Rd2 Nf8 26. Re1 Rc4 27. b3 Rcc6
28. h5 Re7 29. Rde2 1/2-1/2

[Event "DEM U14 2008"]
[Site "Willingen GER"]
[Date "2008.05.12"]
[Round "3"]
[White "von Schwerin, Clemens"]
[Black "Titgemeyer, Sven"]
[Result "1-0"]
[Termination "normal"]
[Board "8"]
[WhiteElo "1914"]
[BlackElo "1930"]
[PlyCount "121"]
[WhiteFideId "4613228"]
[BlackFideId "24676934"]
[EventCountry "GER"]
[EventRounds "9"]
[EventType "swiss"]
[EventDate "2008.05.10"]

1. e4 e5 2. Nf3 Nc6 3. Nc3 Nf6 4. a3 d5 5. Bb5 d4 6. Ne2 Nxe4 7. d3 Nf6 8. Nxe5
Qd5 9. Nxc6 bxc6 10. Bc4 Qxg2 11. Rg1 Qf3 12. Nxd4 Qxd1+ 13. Kxd1 Bd7 14. Bf4
O-O-O 15. Bxf7 g6 16. Be5 Bg7 17. Ne6 Bxe6 18. Bxe6+ Kb7 19. f4 Nh5 20. Bg4
Bxe5 21. fxe5 Nf4 22. Kd2 Rhe8 23. Rae1 a5 24. Rgf1 g5 25. e6 h5 26. e7 Rd5 27.
Be6 Nxe6 28. Rxe6 Rd7 29. Rf5 Rdxe7 30. Rxe7 Rxe7 31. Rxg5 Rf7 32. Rxh5 Rf2+
33. Kc3 Kb6 34. h4 Rh2 35. Rh8 Kc5 36. h5 Rh4 37. h6 Kb6 38. h7 Kb7 39. Kd2
Rh2+ 40. Ke3 Rh3+ 41. Kf4 Rh4+ 42. Kg5 Rh1 43. Kf4 Rf1+ 44. Ke4 Re1+ 45. Kd4
Rh1 46. Kc4 Rh5 47. Kb3 Ka7 48. d4 Kb7 49. c4 Ka7 50. Ka4 Kb7 51. c5 Rh4 52.
Kxa5 Ka7 53. b4 Rh1 54. b5 Rh5 55. Rc8 Rxh7 56. b6+ cxb6+ 57. cxb6+ Kb7 58.
Rc7+ Rxc7 59. bxc7 Kxc7 60. Kb4 Kd6 61. Kc4 1-0

[Event "DEM U14 2008"]
[Site "Willingen GER"]
[Date "2008.05.12"]
[Round "3"]
[White "Kropman, Alexei"]
[Black "Schindlbeck, Tobias"]
[Result "1/2-1/2"]
[Termination "normal"]
[Board "9"]
[WhiteElo "1920"]
[BlackElo "1888"]
[PlyCount "43"]
[WhiteFideId "24670723"]
[BlackFideId "24615510"]
[EventCountry "GER"]
[EventRounds "9"]
[EventType "swiss"]
[EventDate "2008.05.10"]

1. e4 c5 2. Nc3 e6 3. f4 d5 4. Bb5+ Nc6 5. Bxc6+ bxc6 6. Nf3 Nf6 7. e5 Nd7 8.
d3 Qb6 9. O-O c4+ 10. d4 c5 11. Kh1 Be7 12. a4 a5 13. dxc5 Nxc5 14. Qe1 Bb7 15.
Qg3 g6 16. Qf2 Nd7 17. Be3 Bc5 18. Bxc5 Qxc5 19. Nb5 Qxf2 20. Rxf2 Ke7 21. Nfd4
Ra6 22. g3 1/2-1/2

[Event "DEM U14 2008"]
[Site "Willingen GER"]
[Date "2008.05.12"]
[Round "3"]
[White "Elkmann, Janek"]
[Black "Hager, Joshua Aarash"]
[Result "0-1"]
[Termination "normal"]
[Board "10"]
[WhiteElo "1750"]
[BlackElo "2066"]
[PlyCount "100"]
[WhiteFideId "24691925"]
[BlackFideId "24642789"]
[EventCountry "GER"]
[EventRounds "9"]
[EventType "swiss"]
[EventDate "2008.05.10"]

1. e4 c5 2. Nf3 d6 3. Bb5+ Nc6 4. O-O Bd7 5. Re1 Nf6 6. c3 a6 7. Bf1 Bg4 8. d3
g6 9. h3 Bxf3 10. Qxf3 Bg7 11. Bg5 O-O 12. Nd2 b5 13. Qe3 Re8 14. Bh6 Bh8 15.
Kh1 Nd7 16. Rac1 Rb8 17. f4 b4 18. f5 bxc3 19. bxc3 Nde5 20. fxg6 hxg6 21. Be2
Rb7 22. Rf1 Bg7 23. Bxg7 Kxg7 24. Nf3 Nxf3 25. Rxf3 e5 26. Rcf1 Rf8 27. Bd1 Rb1
28. Bb3 Rxf1+ 29. Rxf1 Qh4 30. Kg1 Ne7 31. d4 cxd4 32. cxd4 Nc6 33. dxe5 dxe5
34. Bd5 Nd4 35. Rb1 Qd8 36. Rb7 Qc8 37. Qg5 Qc3 38. Qxe5+ Kh7 39. Qc7 Ne2+ 40.
Kh2 Qe1 41. Qc5 Qg3+ 42. Kh1 Rc8 43. Bc6 Qf4 44. Qa7 Kg7 45. Qb6 Rxc6 46. Qb2+
Rc3 47. Rxf7+ Qxf7 48. Qxe2 Rc1+ 49. Kh2 Qf4+ 50. g3 Qc7 0-1

[Event "DEM U14 2008"]
[Site "Willingen GER"]
[Date "2008.05.12"]
[Round "3"]
[White "Hampel, Felix"]
[Black "Barzen, Pascal"]
[Result "1-0"]
[Termination "normal"]
[Board "11"]
[WhiteElo "1992"]
[BlackElo "1783"]
[PlyCount "67"]
[WhiteFideId "24668125"]
[BlackFideId "24653497"]
[EventCountry "GER"]
[EventRounds "9"]
[EventType "swiss"]
[EventDate "2008.05.10"]

1. e4 c6 2. d4 d5 3. Nc3 dxe4 4. Nxe4 Nf6 5. Nxf6+ gxf6 6. c3 Bf5 7. Nf3 e6 8.
g3 Bd6 9. Bg2 Qc7 10. O-O Nd7 11. Re1 O-O-O 12. Nh4 Bg6 13. b4 Nb6 14. a4 Nd5
15. Qb3 a5 16. Bd2 Kb8 17. bxa5 Qxa5 18. Ra2 Ne7 19. c4 Qa7 20. Be3 Qa5 21. Bd2
Qa7 22. Rb2 Rd7 23. Nxg6 hxg6 24. Reb1 Ka8 25. a5 Rb8 26. c5 Bc7 27. Qa4 Qa6
28. Bf1 Qa7 29. a6 b5 30. cxb6 Rxb6 31. Rxb6 Bxb6 32. Bg2 Rxd4 33. Bxc6+ Kb8
34. Qxd4 1-0

[Event "DEM U14 2008"]
[Site "Willingen GER"]
[Date "2008.05.12"]
[Round "3"]
[White "Wendling, Florian"]
[Black "Pältz, Sebastian"]
[Result "1-0"]
[Termination "normal"]
[Board "12"]
[WhiteElo "1729"]
[BlackElo "1753"]
[PlyCount "53"]
[WhiteFideId "24640212"]
[BlackFideId "24648027"]
[EventCountry "GER"]
[EventRounds "9"]
[EventType "swiss"]
[EventDate "2008.05.10"]

1. e4 e5 2. Bc4 c6 3. Nf3 d5 4. Bb3 Bg4 5. h3 Bh5 6. Qe2 Bxf3 7. Qxf3 Nf6 8. d3
h6 9. O-O d4 10. Qg3 Nbd7 11. f4 Qc7 12. fxe5 Qxe5 13. Bf4 Qb5 14. a4 Qc5 15.
Nd2 Nh5 16. Qf3 Nxf4 17. Qxf4 f6 18. Nc4 O-O-O 19. Qg4 Kb8 20. Rf5 Qb4 21. a5
Nc5 22. Ra3 Rg8 23. Qg3+ Ka8 24. Qc7 Rb8 25. Nb6+ axb6 26. axb6+ Na6 27. Rxa6+
1-0

[Event "DEM U14 2008"]
[Site "Willingen GER"]
[Date "2008.05.12"]
[Round "3"]
[White "Rublack, Valentin"]
[Black "Braun, Georg"]
[Result "1-0"]
[Termination "normal"]
[Board "13"]
[WhiteElo "1577"]
[BlackElo "1931"]
[PlyCount "89"]
[WhiteFideId "24657387"]
[BlackFideId "24629383"]
[EventCountry "GER"]
[EventRounds "9"]
[EventType "swiss"]
[EventDate "2008.05.10"]

1. e4 c5 2. Nf3 d6 3. d4 cxd4 4. Nxd4 Nf6 5. Nc3 g6 6. Be3 Bg7 7. f3 O-O 8. Qd2
Nc6 9. Bc4 Bd7 10. O-O-O Rc8 11. Bb3 Ne5 12. Kb1 Nc4 13. Bxc4 Rxc4 14. g4 Re8
15. h4 Qa5 16. h5 Rec8 17. hxg6 fxg6 18. Qh2 Qb4 19. Nb3 Rxc3 20. bxc3 Qxc3 21.
Rd3 Qc7 22. Bd4 h6 23. e5 dxe5 24. Bxe5 Qc6 25. Rhd1 Be6 26. Rc3 Qe8 27. Qe2
Nd5 28. Bxg7 Kxg7 29. Rxd5 Rxc3 30. Qxe6 Rxf3 31. Rd7 Kf8 32. Rc7 Rf6 33. Qc4
Rc6 34. Qf4+ Kg7 35. Qe5+ Kf7 36. Qd5+ Kg7 37. Qd4+ Kf7 38. Qd5+ Kg7 39. Rxb7
Rf6 40. Qe5 Kf7 41. Nc5 Qd8 42. Nd7 Rf1+ 43. Kb2 Qc8 44. Qd5+ Kg7 45. Rb8 1-0